Phillies Roster 2025 (Postseason) - Statistics

General Stats
  • This quiz has been taken 48 times
    7 since last reset
  • The average score is 20 of 31
Answer Stats
Position Player % Correct
Pitcher (C) Jhoan Duran
100%
Injured Pitcher (S) Zack Wheeler
100%
Infielder Alec Bohm
86%
Outfielder Brandon Marsh
86%
Infielder Bryce Harper
86%
Infielder Bryson Stott
86%
Pitcher (S) Cristopher Sánchez
86%
Infielder Edmundo Sosa
86%
Catcher Garrett Stubbs
86%
Catcher J. T. Realmuto
86%
Designated Hitter Kyle Schwarber
86%
Outfielder Nick Castellanos
86%
Catcher Rafael Marchán
86%
Pitcher (S) Ranger Suárez
86%
Pitcher (S) Aaron Nola
71%
Outfielder Harrison Bader
71%
Pitcher Matt Strahm
71%
Pitcher Orion Kerkering
71%
Pitcher (S) Taijuan Walker
71%
Infielder Trea Turner
71%
Injured Pitcher Daniel Robert
57%
Pitcher David Robertson
57%
Pitcher (S) Jesús Luzardo
57%
Outfielder Max Kepler
57%
Pitcher Tanner Banks
43%
Outfielder Weston Wilson
43%
Injured Pitcher Jordan Romano
29%
Pitcher Max Lazar
14%
Pitcher Lou Trivino
0%
Pitcher Tim Mayza
0%
Pitcher Walker Buehler
0%
No matching quizzes found
Score Distribution
Percent of People with Each Score
Percentile by Number Answered
Your Score History
You have not taken this quiz since the last reset